000 01131cam a22001934a 4500
005 20250605164400.0
008 250528s ||||||||||||||||||||||||d
035 _a24526
040 _aGR-AtMCL
_bgre
_dGR-AtMCL
_eAACR2
245 1 _aΔιαλέξτε την Κάρτα Επιβράβευσης που Ταιριάζει στο Δικό σας Προωθητικό Πρόγραμμα
260 _c2014
300 _a34
520 _aΆνθρωπος και Κοινωνία: Οι Επιχειρήσεις στην Πρώτη Γραμμή, Gamification: Η Νέα Τάση στο Employee Engagement, Βιομηχανία Μόδας και Ομορφιάς: Κοινωνία και Βιώσιμη Χρήση Πόρων, Πώς Επηρεάζει η ΕΚΕ τον Διεθνή Καταναλωτή, ΕΚΥ - Αειφορία: Αποσαφήνιση Εννοιών για Βέλτιστη Προσφορά, ΕΚΕ η Δύναμη της Αντίφασης, CSR Vs Branding.
700 1 _aΚορδελάς Δημήτρης
_99464
942 _cCR
710 2 _aThe Marketing Week
_99825
999 _c9403
_d9403